SİHİRLİ KRALLIK ÇİÇEKLİ KULÜBE 12 (Record no. 643121)

MARC details
000 -LEADER
sabit uzunluktaki kontrol alanı 00270nam a2200097Ia 4500
001 - KONTROL NUMARASI
kontrol alanı 643121
005 - EN SON İŞLEMİN TARİH VE ZAMANI
kontrol alanı 20250826153540.0
008 - SABİT-UZUNLUKTA VERİ ÖĞELERİ--GENEL BİLGİ
sabit uzunluktaki kontrol alanı 250824s9999 xx 000 0 und d
245 #0 - ESER / YAZAR
ESER ADI SİHİRLİ KRALLIK ÇİÇEKLİ KULÜBE 12
Yazar Adı ROSİE BANKS
260 ## - YAYIN, DAĞITIM, VB.
YAYIN EVİ DOĞAN EGMONT YAYINLARI
Holdings
Düşüm durumu Kayıp durumu Hasar Durumu Ödünç verilmez Ana kütüphane Geçerli Kütüphane Edinilen tarih Toplam ödünç verme sayısı Barkod Son görüntüleme tarihi Son ödünç verme tarihi Fiyatın geçerli olmaya başladığı tarih Koha materyal türü
        AKINCILAR AHMET HAŞHAŞ İLKOKULU AKINCILAR AHMET HAŞHAŞ İLKOKULU 24.08.2025 1 1004794 30.10.2025 30.10.2025 26.08.2025 Books